Porque o modernismo ainda vigora / Marshall Berman
Αποθηκεύτηκε σε:
| Κύριος συγγραφέας: | |
|---|---|
| Μορφή: | Βιβλίο |
| Γλώσσα: | Portuguese |
| Έκδοση: |
Rio de Janeiro:
CIEC,
1989?
|
| Σειρά: | Papeis avulsos 1988
1 |
| Θέματα: | |
| Ετικέτες: |
Προσθήκη ετικέτας
Δεν υπάρχουν, Καταχωρήστε ετικέτα πρώτοι!
|
MARC
| LEADER | 00000nam a22000007a 4500 | ||
|---|---|---|---|
| 008 | 150603q1980 bl | |||| 000 0 por d | ||
| 040 | |a CRU CIICLA | ||
| 041 | |a por | ||
| 082 | |a 909.81 |b B516p | ||
| 100 | 1 | |a Berman, Marshall |d 1940-2013 | |
| 245 | 1 | 0 | |a Porque o modernismo ainda vigora / |b Marshall Berman |
| 260 | |a Rio de Janeiro: |b CIEC, |c 1989? | ||
| 300 | |a 21 páginas | ||
| 490 | 1 | |a Papeis avulsos 1988 |v 1 | |
| 650 | 1 | 4 | |a CIVILIZACION MODERNA |y SIGLO 19 |z SIGLO 20 |
| 942 | |2 ddc |c BK | ||
| 999 | |c 4262 |d 4262 | ||
